[Event "HUN-chT2 Erkel 1819"]
[Site "Hungary"]
[Date "2019.02.24"]
[Round "6.6"]
[White "Suhajda, Attila"]
[Black "Lukacs, Albert"]
[Result "1-0"]
[WhiteElo "2046"]
[BlackElo "1943"]
[PlyCount "83"]
[EventDate "2018.10.28"]
[EventType "team-tourn"]
[EventRounds "9"]
[EventCountry "HUN"]
[SourceTitle "EXT 2021"]
[Source "ChessBase"]
[SourceDate "2020.10.23"]
[SourceVersion "1"]
[SourceVersionDate "2020.10.23"]
[SourceQuality "1"]
[WhiteTeam "Sarkany DSE"]
[BlackTeam "Andornaktalya"]
[WhiteTeamCountry "HUN"]
[BlackTeamCountry "HUN"]

1. e4 c5 2. Nf3 e6 3. c3 Nc6 4. d4 d5 5. exd5 exd5 6. Be3 c4 7. b3 cxb3 8. axb3 Nf6 9. Bd3 Bd6 10. 0-0 0-0 11. h3 Ne7 12. Qc2 Ng6 13. c4 Bd7 14. c5 Bf4 15. Bxg6 Bxe3 16. Bxh7+ Nxh7 17. fxe3 Bb5 18. Rf2 Re8 19. Nc3 Ba6 20. Ne5 f6 21. Ng4 Qd7 22. Qg6 Kh8 23. Rd1 Rf8 24. Rf5 Qe8 25. Qxe8 Rfxe8 26. Rxd5 Ng5 27. Rxg5 fxg5 28. e4 Rac8 29. b4 Bc4 30. Ne5 Bb3 31. Rb1 Bg8 32. Nb5 a6 33. Nd6 Rxe5 34. dxe5 Rc7 35. Rf1 a5 36. bxa5 Rxc5 37. Nxb7 Rxe5 38. Rf5 Rxe4 39. a6 Re8 40. a7 g6 41. Ra5 Ra8 42. Nd6 1-0

[Event "HUN-chT2 Erkel 1617"]
[Site "Hungary"]
[Date "2017.02.12"]
[Round "8.6"]
[White "Suhajda, Attila"]
[Black "Farkas, Istvan"]
[Result "1/2-1/2"]
[WhiteElo "2063"]
[BlackElo "1949"]
[PlyCount "48"]
[EventDate "2016.09.25"]
[EventType "team-tourn"]
[EventRounds "11"]
[EventCountry "HUN"]
[SourceTitle "EXT 2021"]
[Source "ChessBase"]
[SourceDate "2020.10.23"]
[SourceVersion "1"]
[SourceVersionDate "2020.10.23"]
[SourceQuality "1"]
[WhiteTeam "Sarkany DSE"]
[BlackTeam "Jaszbereny"]
[WhiteTeamCountry "HUN"]
[BlackTeamCountry "HUN"]

1. e4 e5 2. Nf3 Nc6 3. Bb5 a6 4. Ba4 Nf6 5. 0-0 b5 6. Bb3 Be7 7. Bd5 Nxd5 8. exd5 Nb4 9. Nxe5 0-0 10. Nc3 Bb7 11. a4 Nxd5 12. Qf3 Nxc3 13. Qxc3 Bf6 14. d4 d6 15. Ng4 c5 16. Be3 Rc8 17. Nxf6+ Qxf6 18. dxc5 Qxc3 19. bxc3 dxc5 20. axb5 axb5 21. Ra7 Bd5 22. Rd1 Bc4 23. Rdd7 h6 24. h3 Rfd8 1/2-1/2

[Event "HUN-chT2 Breyer 1516"]
[Site "Hungary"]
[Date "2015.10.18"]
[Round "3.10"]
[White "Bagdi, Timea"]
[Black "Suhajda, Attila"]
[Result "0-1"]
[WhiteElo "1950"]
[BlackElo "2002"]
[PlyCount "74"]
[EventDate "2015.09.13"]
[EventType "team-tourn"]
[EventRounds "11"]
[EventCountry "HUN"]
[SourceTitle "CBM 170 Extra"]
[Source "ChessBase"]
[SourceDate "2016.02.25"]
[SourceVersion "1"]
[SourceVersionDate "2016.02.25"]
[SourceQuality "1"]
[WhiteTeam "Naszaly Geniusz Tata"]
[BlackTeam "Sarkany DSE"]
[WhiteTeamCountry "HUN"]
[BlackTeamCountry "HUN"]

1. d4 Nf6 2. Nf3 c5 3. d5 b5 4. e3 a6 5. c4 Bb7 6. Nc3 b4 7. Ne2 e6 8. Nf4 exd5 9. Nxd5 g6 10. b3 Bg7 11. Bb2 0-0 12. Rb1 d6 13. Be2 Nbd7 14. 0-0 Bxd5 15. cxd5 Nb6 16. Bc4 Nxc4 17. bxc4 Ne4 18. Bxg7 Kxg7 19. Qc2 Nc3 20. Ra1 Re8 21. Nd2 Qh4 22. Qd3 a5 23. Nb1 Nxb1 24. Raxb1 a4 25. g3 Qe4 26. Qxe4 Rxe4 27. Rfc1 f5 28. Kf1 g5 29. Ke2 Rae8 30. Kd3 Kf6 31. Rg1 h5 32. Rbe1 f4 33. gxf4 gxf4 34. Rg2 Rd4+ 35. exd4 Rxe1 36. dxc5 dxc5 37. Kc2 Re2+ 0-1

[Event "HUN-chT2 Breyer 1415"]
[Site "Hungary"]
[Date "2014.11.16"]
[Round "5.9"]
[White "Erky, Tamas"]
[Black "Suhajda, Attila"]
[Result "0-1"]
[WhiteElo "1531"]
[BlackElo "1993"]
[PlyCount "60"]
[EventDate "2014.09.07"]
[EventType "team-tourn"]
[EventRounds "11"]
[EventCountry "HUN"]
[SourceTitle "EXT 2016"]
[Source "ChessBase"]
[SourceDate "2015.10.08"]
[SourceVersion "1"]
[SourceVersionDate "2015.10.08"]
[SourceQuality "1"]
[WhiteTeam "Szechenyi"]
[BlackTeam "Sarkany DSE"]
[WhiteTeamCountry "HUN"]
[BlackTeamCountry "HUN"]

1. e4 c5 2. Nf3 e6 3. d4 cxd4 4. Nxd4 Nc6 5. Nc3 Qc7 6. Be3 Nf6 7. a3 a6 8. Be2 Be7 9. 0-0 0-0 10. Kh1 d5 11. exd5 exd5 12. Bf3 Be6 13. Re1 Rad8 14. Bg5 Nxd4 15. Qxd4 h6 16. Bf4 Bd6 17. Be5 Bxe5 18. Rxe5 Nd7 19. Ree1 Nb6 20. Rab1 Rd7 21. Na4 Nxa4 22. Qxa4 Bf5 23. Rbc1 d4 24. Qb3 b5 25. c3 d3 26. Rcd1 Qf4 27. Re3 d2 28. g3 Qg5 29. h4 Qg6 30. h5 Bc2 0-1

[Event "Level op 2nd"]
[Site "Level"]
[Date "2014.03.30"]
[Round "6"]
[White "Suhajda, Attila"]
[Black "Jakab, Bela"]
[Result "1/2-1/2"]
[WhiteElo "1984"]
[BlackElo "1704"]
[PlyCount "143"]
[EventDate "2014.03.28"]
[EventType "swiss"]
[EventRounds "7"]
[EventCountry "HUN"]
[SourceTitle "EXT 2020"]
[Source "ChessBase"]
[SourceDate "2019.10.17"]
[SourceVersion "1"]
[SourceVersionDate "2019.10.17"]
[SourceQuality "1"]

1. e4 e6 2. d4 d5 3. Nc3 Bb4 4. Nge2 dxe4 5. a3 Bxc3+ 6. Nxc3 Nc6 7. Bb5 Nge7 8. Nxe4 0-0 9. c3 a6 10. Bd3 f5 11. Ng3 f4 12. Nh5 e5 13. dxe5 Nxe5 14. Be2 Qxd1+ 15. Kxd1 N7g6 16. b4 Bg4 17. h3 Rad8+ 18. Ke1 Bxe2 19. Kxe2 Rfe8 20. Nxf4 Nd3+ 21. Kf3 Ndxf4 22. Bxf4 Rd3+ 23. Kg4 Re4 24. g3 Nxf4 25. gxf4 Rxc3 26. Rad1 Rxa3 27. Rd7 Rc3 28. Rhd1 Rcc4 29. Rd8+ Kf7 30. R1d7+ Kg6 31. Rf8 h5+ 32. Kg3 h4+ 33. Kg4 Rxb4 34. Rxc7 a5 35. Rff7 Kh6 36. Rxb7 Rxf4+ 37. Rxf4 Rxb7 38. Rf5 Rb4+ 39. Kf3 a4 40. Ra5 g5 41. Ra6+ Kh5 42. Ra5 Rb3+ 43. Kg2 a3 44. Ra4 Kg6 45. Ra5 Rc3 46. Ra6+ Kf5 47. Ra5+ Kf4 48. Ra4+ Ke5 49. Ra5+ Kd4 50. Rxg5 a2 51. Ra5 Rc2 52. Kf3 Kc3 53. Kg4 Rxf2 54. Kxh4 Rg2 55. Ra8 Kb2 56. Rb8+ Kc1 57. Ra8 Kb1 58. Rb8+ Rb2 59. Ra8 a1Q 60. Rxa1+ Kxa1 61. Kg5 Rg2+ 62. Kf4 Kb2 63. h4 Kc3 64. h5 Kd4 65. Kf5 Rf2+ 66. Kg6 Ke5 67. h6 Ke6 68. Kg7 Rf7+ 69. Kg8 Rf1 70. h7 Rh1 71. h8Q Rxh8+ 72. Kxh8 1/2-1/2

[Event "Budapest-chT1 Lilienthal 1213"]
[Site "Budapest"]
[Date "2013.01.20"]
[Round "6"]
[White "Monori, Zoltan"]
[Black "Suhajda, Attila"]
[Result "1/2-1/2"]
[WhiteElo "2105"]
[BlackElo "1944"]
[PlyCount "71"]
[EventDate "2012.09.30"]
[EventType "team-tourn"]
[EventRounds "11"]
[EventCountry "HUN"]
[SourceTitle "EXT 2019"]
[Source "ChessBase"]
[SourceDate "2018.10.10"]
[SourceVersion "1"]
[SourceVersionDate "2018.10.10"]
[SourceQuality "1"]
[WhiteTeam "Budapest Honved"]
[BlackTeam "Sarkany II"]
[WhiteTeamCountry "HUN"]
[BlackTeamCountry "HUN"]

1. d4 d5 2. Nf3 c5 3. c3 Nc6 4. Bf4 e6 5. e3 Nf6 6. Nbd2 Bd6 7. Bg3 0-0 8. Ne5 Qc7 9. Nxc6 Qxc6 10. Bd3 h6 11. Qf3 Re8 12. Bxd6 Qxd6 13. Qg3 Qb6 14. Rb1 Bd7 15. 0-0 Bb5 16. Bxb5 Qxb5 17. f4 Qd3 18. Rfd1 cxd4 19. exd4 Qf5 20. Qf3 Rac8 21. Nf1 Ne4 22. Ng3 Nxg3 23. hxg3 b5 24. a3 a5 25. Qd3 Qxd3 26. Rxd3 Rc4 27. Re1 b4 28. axb4 axb4 29. cxb4 Rxb4 30. b3 Reb8 31. Ree3 Rc8 32. Kf2 Rc2+ 33. Re2 Rc1 34. Re1 Rc2+ 35. Re2 Rc1 36. Re1 1/2-1/2

[Event "HUN-chT U18"]
[Site "Miskolc"]
[Date "2011.11.04"]
[Round "5.1"]
[White "Juhasz, Armin"]
[Black "Suhajda, Attila"]
[Result "1/2-1/2"]
[WhiteElo "2163"]
[BlackElo "1921"]
[PlyCount "51"]
[EventDate "2011.11.02"]
[EventType "team-swiss"]
[EventRounds "8"]
[EventCountry "HUN"]
[SourceTitle "EXT 2012"]
[Source "ChessBase"]
[SourceDate "2011.11.24"]
[SourceVersion "1"]
[SourceVersionDate "2011.11.24"]
[SourceQuality "1"]
[WhiteTeam "Vasas"]
[BlackTeam "Sarkany"]
[WhiteTeamCountry "HUN"]
[BlackTeamCountry "HUN"]

1. d4 d5 2. c4 c6 3. Nf3 Nf6 4. Qb3 dxc4 5. Qxc4 Bf5 6. g3 e6 7. Bg2 Be7 8. 0-0 0-0 9. e3 Nbd7 10. Rd1 Ne4 11. Qe2 Qc7 12. b3 Rfd8 13. Bb2 Bf6 14. Nfd2 Nxd2 15. Nxd2 e5 16. e4 Bg6 17. d5 cxd5 18. Rdc1 Qb6 19. exd5 Rac8 20. Nc4 Qa6 21. Bh3 Rc5 22. Bg2 Bg5 23. Rd1 b5 24. Ne3 Rdc8 25. Qg4 Bxe3 26. Qxd7 1/2-1/2

[Event "HUN-chT U18"]
[Site "Miskolc"]
[Date "2011.11.03"]
[Round "2.1"]
[White "Suhajda, Attila"]
[Black "Kovacs, Lajos M"]
[Result "0-1"]
[WhiteElo "1921"]
[BlackElo "2243"]
[PlyCount "76"]
[EventDate "2011.11.02"]
[EventType "team-swiss"]
[EventRounds "8"]
[EventCountry "HUN"]
[SourceTitle "EXT 2012"]
[Source "ChessBase"]
[SourceDate "2011.11.24"]
[SourceVersion "1"]
[SourceVersionDate "2011.11.24"]
[SourceQuality "1"]
[WhiteTeam "Sarkany"]
[BlackTeam "Honved Aurora"]
[WhiteTeamCountry "HUN"]
[BlackTeamCountry "HUN"]

1. d4 Nf6 2. c4 c5 3. d5 e6 4. Nc3 exd5 5. cxd5 Bd6 6. Nf3 0-0 7. Bg5 Re8 8. e3 a6 9. a4 Bc7 10. Bd3 d6 11. 0-0 Bg4 12. Ne4 Nbd7 13. h3 Bh5 14. Ng3 Bg6 15. Bf5 Qb8 16. Qb3 Bd8 17. Bf4 b6 18. Rfc1 Bc7 19. Bg5 Qb7 20. Rd1 b5 21. h4 Bxf5 22. Nxf5 Rab8 23. axb5 axb5 24. Qd3 Qb6 25. Bxf6 Nxf6 26. Ng5 Qb7 27. h5 Qc8 28. Ra7 Qd7 29. f4 h6 30. Nf3 Qd8 31. Ng3 Bb6 32. Rxf7 Kxf7 33. Qg6+ Kf8 34. Nf5 Rb7 35. N3h4 Re4 36. Ra1 Ra4 37. Rd1 c4 38. Qg3 Rf7 0-1

[Event "HUN-chT2 Breyer 1011"]
[Site "Hungary"]
[Date "2010.11.21"]
[Round "6.11"]
[White "Suhajda, Attila"]
[Black "Mullner, Janos"]
[Result "1/2-1/2"]
[WhiteElo "1892"]
[BlackElo "1994"]
[PlyCount "108"]
[EventDate "2010.09.12"]
[EventType "team-tourn"]
[EventRounds "11"]
[EventCountry "HUN"]
[SourceTitle "EXT 2012"]
[Source "ChessBase"]
[SourceDate "2011.11.24"]
[SourceVersion "1"]
[SourceVersionDate "2011.11.24"]
[SourceQuality "1"]
[WhiteTeam "Sarkany"]
[BlackTeam "Biatorbagy"]
[WhiteTeamCountry "HUN"]
[BlackTeamCountry "HUN"]

1. d4 Nf6 2. c4 g6 3. Nc3 d5 4. cxd5 Nxd5 5. e4 Nxc3 6. bxc3 Bg7 7. Bc4 0-0 8. Ne2 c5 9. 0-0 Nc6 10. Be3 cxd4 11. cxd4 Bg4 12. f3 Na5 13. Bd3 Be6 14. Rc1 Bxa2 15. d5 Bb3 16. Qd2 Ba4 17. Qb4 Bd7 18. Rc2 b5 19. Rfc1 Nc4 20. Bxc4 a5 21. Qa3 bxc4 22. Bc5 Re8 23. Rxc4 Bb5 24. R4c2 Bxe2 25. Rxe2 Qd7 26. Rec2 Ra6 27. Be3 e6 28. Rc7 Qd6 29. Qxd6 Rxd6 30. Bc5 Rdd8 31. Be7 Ra8 32. d6 Bf8 33. d7 Bxe7 34. dxe8Q+ Rxe8 35. Rc8 Rxc8 36. Rxc8+ Kg7 37. Ra8 Bb4 38. Kf1 g5 39. Ke2 h5 40. Kd3 e5 41. Kc4 g4 42. Ra6 f6 43. Kd5 gxf3 44. gxf3 h4 45. h3 Kg6 46. Ke6 Kg5 47. Ra8 Bc3 48. Rh8 Bb2 49. Kd5 a4 50. Kc4 a3 51. Kb3 Bc1 52. Rh7 Bb2 53. Ka2 Bc1 54. Kb1 Bb2 1/2-1/2

[Event "HUN-chT U18"]
[Site "Miskolc"]
[Date "2010.11.06"]
[Round "8.11"]
[White "Suhajda, Attila"]
[Black "Papp, Petra"]
[Result "1/2-1/2"]
[WhiteElo "1892"]
[BlackElo "2253"]
[PlyCount "56"]
[EventDate "2010.11.02"]
[EventType "team-swiss"]
[EventRounds "8"]
[EventCountry "HUN"]
[SourceTitle "EXT 2016"]
[Source "ChessBase"]
[SourceDate "2015.10.08"]
[SourceVersion "1"]
[SourceVersionDate "2015.10.08"]
[SourceQuality "1"]

1. d4 d5 2. c4 c6 3. Nc3 Nf6 4. cxd5 cxd5 5. Bf4 Nc6 6. e3 a6 7. Nf3 Bg4 8. Be2 e6 9. 0-0 Bd6 10. Bxd6 Qxd6 11. h3 Bh5 12. Rc1 0-0 13. Nd2 Bg6 14. f4 Ne7 15. g4 Rac8 16. Bf3 b5 17. Qe2 Rc6 18. Nb3 Ne4 19. Bxe4 Bxe4 20. Nc5 Bg6 21. b4 Rb8 22. a3 h6 23. Qf2 Qd8 24. Qh4 Qe8 25. Qg3 Bh7 26. Rf2 f5 27. Rcf1 Nc8 28. Rg2 Nd6 1/2-1/2

[Event "HUN-chT2 Breyer 1011"]
[Site "Hungary"]
[Date "2010.10.10"]
[Round "3.11"]
[White "Sugar, Balint"]
[Black "Suhajda, Attila"]
[Result "1/2-1/2"]
[WhiteElo "1827"]
[BlackElo "1892"]
[PlyCount "113"]
[EventDate "2010.09.12"]
[EventType "team-tourn"]
[EventRounds "11"]
[EventCountry "HUN"]
[SourceTitle "EXT 2012"]
[Source "ChessBase"]
[SourceDate "2011.11.24"]
[SourceVersion "1"]
[SourceVersionDate "2011.11.24"]
[SourceQuality "1"]
[WhiteTeam "Zsambek"]
[BlackTeam "Sarkany"]
[WhiteTeamCountry "HUN"]
[BlackTeamCountry "HUN"]

1. e4 c5 2. d4 cxd4 3. c3 dxc3 4. Nxc3 Nc6 5. Bc4 d6 6. Nf3 e6 7. 0-0 Nf6 8. Qe2 Be7 9. Rd1 e5 10. h3 0-0 11. Be3 a6 12. a4 h6 13. Rab1 Be6 14. Nd5 Bxd5 15. exd5 Nb4 16. Nxe5 dxe5 17. d6 Nd7 18. dxe7 Qxe7 19. Bxh6 Nf6 20. Bg5 Nc6 21. Rd2 Rfe8 22. Rbd1 Nd4 23. Qe3 Rac8 24. Ba2 Rc6 25. f4 Nf5 26. Qxe5 Qxe5 27. fxe5 Rxe5 28. Rd8+ Kh7 29. Bb1 g6 30. Rf1 Ne4 31. Re1 Rc4 32. Bxe4 Rcxe4 33. Rxe4 Rxe4 34. Rd7 Kg7 35. g4 Nd4 36. Be3 Rxe3 37. Rxd4 Rb3 38. Kg2 Rxb2+ 39. Kg3 b5 40. Rd6 bxa4 41. Rxa6 Rb3+ 42. Kf4 a3 43. h4 Rh3 44. h5 gxh5 45. gxh5 Rxh5 46. Rxa3 Rh1 47. Ra5 Rf1+ 48. Kg4 Kg6 49. Rb5 f5+ 50. Kg3 Kg5 51. Rb8 Rc1 52. Rg8+ Kf6 53. Rf8+ Ke5 54. Re8+ Kf6 55. Rf8+ Ke6 56. Re8+ Kf7 57. Rb8 1/2-1/2

[Event "HUN-ch U16"]
[Site "Balatonlelle"]
[Date "2009.07.03"]
[Round "7"]
[White "Suhajda, Attila"]
[Black "Szabo, Gabor2222"]
[Result "0-1"]
[WhiteElo "1694"]
[BlackElo "1862"]
[PlyCount "88"]
[EventDate "2009.06.27"]
[EventType "swiss"]
[EventRounds "9"]
[EventCountry "HUN"]
[SourceTitle "EXT 2011"]
[Source "ChessBase"]
[SourceDate "2010.11.26"]
[SourceVersion "1"]
[SourceVersionDate "2010.11.26"]
[SourceQuality "1"]

1. e4 d5 2. exd5 Qxd5 3. Nc3 Qa5 4. d4 Nf6 5. Nf3 Bg4 6. h3 Bh5 7. g4 Bg6 8. Ne5 e6 9. h4 Be4 10. f3 Bd5 11. Bd2 Qb6 12. Qe2 Qxd4 13. g5 Nfd7 14. Nxd7 Nxd7 15. 0-0-0 c6 16. Bh3 Qe5 17. Qxe5 Nxe5 18. Nxd5 cxd5 19. Bf4 Nc4 20. Rhe1 Rd8 21. Bf1 Be7 22. Bxc4 dxc4 23. Rxd8+ Kxd8 24. Re4 b5 25. a4 a6 26. Kd1 Kc8 27. Ke2 Rd8 28. Be3 Kb7 29. Bd4 Bf8 30. a5 Rd7 31. c3 g6 32. h5 Be7 33. Bf6 Bxf6 34. gxf6 Rd5 35. hxg6 hxg6 36. Ke3 Kc6 37. Rh4 Rh5 38. Rxh5 gxh5 39. Kf4 Kd5 40. Kg5 Ke5 41. f4+ Ke4 42. Kxh5 Kf5 43. Kh6 Kxf6 44. Kh7 e5 0-1

[Event "HUN-ch U16"]
[Site "Balatonlelle"]
[Date "2009.07.01"]
[Round "5"]
[White "Suhajda, Attila"]
[Black "Szlovak, Gabor"]
[Result "1-0"]
[WhiteElo "1694"]
[BlackElo "1698"]
[PlyCount "57"]
[EventDate "2009.06.27"]
[EventType "swiss"]
[EventRounds "9"]
[EventCountry "HUN"]
[SourceTitle "EXT 2011"]
[Source "ChessBase"]
[SourceDate "2010.11.26"]
[SourceVersion "1"]
[SourceVersionDate "2010.11.26"]
[SourceQuality "1"]

1. d4 Nf6 2. c4 d5 3. cxd5 Nxd5 4. e4 Nb6 5. Nc3 e6 6. Nf3 Nc6 7. Be3 Bd7 8. Be2 Bb4 9. 0-0 0-0 10. a3 Bxc3 11. bxc3 Ne7 12. Bd3 f5 13. exf5 Nxf5 14. Bg5 Qe8 15. Ne5 Nd5 16. c4 Nf6 17. Re1 h6 18. Bxf6 Rxf6 19. Ng4 Rf8 20. d5 Qc8 21. Ne5 Ne7 22. Qg4 Rf6 23. Qe4 Nf5 24. g4 exd5 25. cxd5 Ne7 26. Qh7+ Kf8 27. Qh8+ Ng8 28. Ng6+ Kf7 29. Re7+ 1-0